[Event "ESP-ch Seniora 50"]
[Site "Altea"]
[Date "2022.10.30"]
[Round "2"]
[White "Luque Ibanez, Manuel"]
[Black "Candela Perez, Jose"]
[Result "1/2-1/2"]
[WhiteElo "1999"]
[BlackElo "2308"]
[PlyCount "111"]
[EventDate "2022.10.29"]
[EventType "swiss"]
[EventRounds "9"]
[EventCountry "ESP"]
[SourceTitle "EXT 2024"]
[Source "ChessBase"]
[SourceDate "2023.10.10"]
[SourceVersion "1"]
[SourceVersionDate "2023.10.10"]
[SourceQuality "1"]
[WhiteTeam "Spain"]
[BlackTeam "Spain"]
[WhiteTeamCountry "ESP"]
[BlackTeamCountry "ESP"]

1. Nf3 d5 2. d4 e6 3. g3 f5 4. Bg2 Nf6 5. c4 c6 6. 0-0 Bd6 7. Nc3 0-0 8. Bg5 h6 9. Bxf6 Qxf6 10. e3 b6 11. cxd5 exd5 12. Ne5 Bb7 13. f4 Qe6 14. Qb3 Nd7 15. e4 fxe4 16. Bxe4 Nxe5 17. fxe5 Be7 18. Bg2 Qg4 19. Qd1 Rxf1+ 20. Bxf1 Qg5 21. Qd3 Bc8 22. Bg2 Bf5 23. Qe2 Rd8 24. Kh1 Qg6 25. Qa6 Rd7 26. Ne2 Bg5 27. Nf4 Bxf4 28. gxf4 Rf7 29. Re1 Be6 30. Qa4 Rxf4 31. Qxc6 Rxd4 32. Bh3 Bf5 33. Qxg6 Bxg6 34. Kg1 Kf8 35. Kf2 Ke7 36. Rg1 Rf4+ 37. Ke3 Re4+ 38. Kd2 Bf7 39. e6 Bxe6 40. Rxg7+ Kf6 41. Rh7 Rh4 42. Bxe6 Kxe6 43. Rxa7 Rxh2+ 44. Kc3 h5 45. Rb7 h4 46. Rxb6+ Ke5 47. a4 h3 48. a5 Rh1 49. Rh6 h2 50. Kc2 d4 51. a6 d3+ 52. Kd2 Rb1 53. a7 Rxb2+ 54. Kxd3 Ra2 55. Rh5+ Kf4 56. Rxh2 1/2-1/2

[Event "Madrid-ch Seniors 50"]
[Site "Madrid"]
[Date "2022.04.06"]
[Round "8"]
[White "Lopez de Turiso, Jose Angel"]
[Black "Luque Ibanez, Manuel"]
[Result "0-1"]
[WhiteElo "1935"]
[BlackElo "1966"]
[PlyCount "92"]
[EventDate "2022.03.28"]
[EventType "swiss"]
[EventRounds "9"]
[EventCountry "ESP"]
[SourceTitle "EXT 2023"]
[Source "ChessBase"]
[SourceDate "2022.10.05"]
[SourceVersion "1"]
[SourceVersionDate "2022.10.05"]
[SourceQuality "1"]

1. e4 d6 2. d4 Nf6 3. Nc3 e5 4. Nf3 exd4 5. Nxd4 Be7 6. Be2 Nc6 7. Nxc6 bxc6 8. 0-0 0-0 9. Be3 c5 10. f3 Rb8 11. b3 Bb7 12. Qd2 Re8 13. Rad1 Bf8 14. Bc4 Nd7 15. Qf2 a6 16. Rfe1 Nb6 17. Bxc5 Nxc4 18. bxc4 Qg5 19. Ba7 Rbc8 20. Nd5 Bc6 21. Be3 Qh5 22. Qg3 Kh8 23. Bd4 Qg6 24. Qxg6 hxg6 25. g4 Be7 26. Kg2 Bh4 27. Bf2 Bd8 28. h4 Bd7 29. h5 gxh5 30. Rh1 Kg8 31. Rxh5 f6 32. Rdh1 Kf7 33. Bd4 c6 34. Nf4 Be7 35. Rh7 d5 36. g5 Rg8 37. g6+ Kf8 38. exd5 cxd5 39. Nxd5 Rxc4 40. c3 Ra4 41. Ra1 Bf5 42. Nf4 Bd6 43. Kg3 Bxg6 44. Rh2 Bf7 45. Rb2 g5 46. Bxf6 Rxf4 0-1

[Event "Madrid City-ch Seniors 50"]
[Site "Madrid"]
[Date "2021.04.15"]
[Round "8"]
[White "Garcia Martin, Esteban"]
[Black "Luque Ibanez, Manuel"]
[Result "1/2-1/2"]
[WhiteElo "1891"]
[BlackElo "1949"]
[PlyCount "20"]
[EventDate "2021.04.06"]
[EventType "swiss"]
[EventRounds "9"]
[EventCountry "ESP"]
[SourceTitle "EXT 2022"]
[Source "ChessBase"]
[SourceDate "2021.10.06"]
[SourceVersion "1"]
[SourceVersionDate "2021.10.06"]
[SourceQuality "1"]

1. d4 d5 2. c4 e6 3. Nf3 Nf6 4. Bg5 Be7 5. e3 c6 6. Bd3 dxc4 7. Bxc4 Nd5 8. Bxe7 Qxe7 9. 0-0 0-0 10. Nc3 Nd7 1/2-1/2

[Event "Madrid City-ch Seniors 50"]
[Site "Madrid"]
[Date "2021.04.13"]
[Round "6"]
[White "Gonzalez Rivera, Eduardo"]
[Black "Luque Ibanez, Manuel"]
[Result "0-1"]
[WhiteElo "2017"]
[BlackElo "1949"]
[PlyCount "82"]
[EventDate "2021.04.06"]
[EventType "swiss"]
[EventRounds "9"]
[EventCountry "ESP"]
[SourceTitle "EXT 2022"]
[Source "ChessBase"]
[SourceDate "2021.10.06"]
[SourceVersion "1"]
[SourceVersionDate "2021.10.06"]
[SourceQuality "1"]

1. e4 c5 2. Nf3 Nc6 3. d4 cxd4 4. Nxd4 Nf6 5. Nc3 e5 6. Nb3 Bb4 7. Bd3 d5 8. exd5 Nxd5 9. 0-0 Nxc3 10. bxc3 Be7 11. Qh5 g6 12. Qh6 Be6 13. Rb1 Rc8 14. Bd2 Bf8 15. Qe3 b6 16. Rbd1 Bg7 17. Bc1 Qe7 18. c4 0-0 19. Bb2 Rfd8 20. Rfe1 Nd4 21. Qc1 Qh4 22. Re4 Qxe4 23. Nxd4 Qf4 24. Nxe6 Qxc1 25. Rxc1 fxe6 26. Re1 e4 27. Bxg7 exd3 28. Bf6 d2 29. Rd1 Rd7 30. Kf1 Rxc4 31. c3 Ra4 32. Bd4 Rxa2 33. Ke2 Kf7 34. f4 Rd5 35. h4 h5 36. g3 Rda5 37. Kd3 Ke7 38. Be3 Kd6 39. Ke2 Kc6 40. Kd3 Rd5+ 41. Kc4 Rb2 0-1

[Event "Madrid San Viator op-A 31st"]
[Site "Madrid"]
[Date "2019.11.17"]
[Round "9"]
[White "Luque Ibanez, Manuel"]
[Black "Munoz Cebey, Ricardo"]
[Result "1/2-1/2"]
[WhiteElo "1972"]
[BlackElo "1845"]
[PlyCount "62"]
[EventDate "2019.09.08"]
[EventType "swiss"]
[EventRounds "9"]
[EventCountry "ESP"]
[SourceTitle "EXT 2022"]
[Source "ChessBase"]
[SourceDate "2021.10.06"]
[SourceVersion "1"]
[SourceVersionDate "2021.10.06"]
[SourceQuality "1"]

1. e4 c6 2. d4 d5 3. exd5 cxd5 4. c4 Nf6 5. Nc3 e6 6. Nf3 Bb4 7. cxd5 Nxd5 8. Qc2 Nc6 9. Bd3 Ba5 10. 0-0 Ndb4 11. Qe2 Nxd3 12. Qxd3 h6 13. a3 0-0 14. Rd1 Bxc3 15. bxc3 b6 16. Bb2 Bb7 17. c4 Ba6 18. d5 exd5 19. Qc3 d4 20. Nxd4 Nxd4 21. Rxd4 Qg5 22. h3 f6 23. Rg4 Qf5 24. Rc1 Rac8 25. Qb3 Rf7 26. Qa4 Bb7 27. Qb3 Qe6 28. Qg3 Rcc7 29. Rd4 Qe7 30. Qg6 Rd7 31. Rxd7 Qxd7 1/2-1/2

[Event "Tres Cantos op 11th"]
[Site "Tres Cantos"]
[Date "2019.06.28"]
[Round "7"]
[White "Rodriguez Yague, Fermin"]
[Black "Luque Ibanez, Manuel"]
[Result "0-1"]
[WhiteElo "1633"]
[BlackElo "1946"]
[PlyCount "92"]
[EventDate "2019.06.22"]
[EventType "swiss"]
[EventRounds "9"]
[EventCountry "ESP"]
[SourceTitle "CBM 195 Extra"]
[Source "ChessBase"]
[SourceDate "2020.05.31"]
[SourceVersion "1"]
[SourceVersionDate "2020.05.31"]
[SourceQuality "1"]

1. d4 g6 2. c4 Bg7 3. Nc3 Nf6 4. e4 d6 5. Nf3 0-0 6. Be2 Nc6 7. d5 Nb8 8. h3 a5 9. Be3 Na6 10. Qc2 e5 11. Nd2 Ne8 12. a3 f5 13. f3 f4 14. Bf2 Qg5 15. Bf1 Nf6 16. Rb1 Nh5 17. b4 Ng3 18. Rg1 axb4 19. axb4 b6 20. Qa4 Bb7 21. Qb3 Qe7 22. Ne2 Bf6 23. Nxg3 fxg3 24. Bxg3 Bh4 25. Bxh4 Qxh4+ 26. g3 Qh6 27. Qd3 Nb8 28. h4 Nd7 29. Bh3 Nf6 30. Ke2 Ra2 31. Qe3 Qg7 32. Be6+ Kh8 33. Ra1 Rfa8 34. Rxa2 Rxa2 35. Qb3 Ra8 36. c5 bxc5 37. b5 Nd7 38. Nc4 Nb6 39. Nxb6 cxb6 40. Rf1 Bc8 41. Bxc8 Rxc8 42. Ra1 Qd7 43. Ra6 c4 44. Qa4 c3 45. Rxb6 c2 46. Rc6 c1Q 0-1

[Event "Tres Cantos op 11th"]
[Site "Tres Cantos"]
[Date "2019.06.22"]
[Round "1"]
[White "Martinez Reyes, Pedro Ramon"]
[Black "Luque Ibanez, Manuel"]
[Result "1/2-1/2"]
[WhiteElo "2416"]
[BlackElo "1946"]
[PlyCount "80"]
[EventDate "2019.06.22"]
[EventType "swiss"]
[EventRounds "9"]
[EventCountry "ESP"]
[SourceTitle "CBM 195 Extra"]
[Source "ChessBase"]
[SourceDate "2020.05.31"]
[SourceVersion "1"]
[SourceVersionDate "2020.05.31"]
[SourceQuality "1"]

1. e4 c5 2. Nf3 Nc6 3. Bb5 g6 4. 0-0 Bg7 5. c3 Nf6 6. Qa4 0-0 7. d4 cxd4 8. cxd4 Qc7 9. Nc3 d6 10. d5 Nb8 11. Be3 Nbd7 12. Rac1 Nc5 13. Qc2 a6 14. Be2 Bd7 15. Nd4 Rac8 16. Qb1 Qb8 17. b3 Rfe8 18. f3 Nh5 19. Rfd1 e5 20. dxe6 Nxe6 21. Nxe6 Bxe6 22. Qd3 Rc6 23. Nd5 Bxd5 24. Qxd5 Nf6 25. Qd2 Rxc1 26. Rxc1 d5 27. Bf4 Qa7+ 28. Be3 Qb8 29. exd5 Qe5 30. Kf2 Nxd5 31. Ba7 Nf4 32. Bf1 Bh6 33. Qc3 Qg5 34. Rd1 Re2+ 35. Kg1 Rxg2+ 36. Kh1 Rxh2+ 37. Kxh2 Qh4+ 38. Kg1 Qg3+ 39. Kh1 Qh4+ 40. Kg1 Qg3+ 1/2-1/2

[Event "Tres Cantos op 10th"]
[Site "Tres Cantos"]
[Date "2018.06.28"]
[Round "8.18"]
[White "Luque Ibanez, Manuel"]
[Black "Bartolome Martin, Angel"]
[Result "1/2-1/2"]
[WhiteElo "1997"]
[BlackElo "1832"]
[PlyCount "39"]
[EventDate "2018.06.21"]
[EventType "swiss"]
[EventRounds "9"]
[EventCountry "ESP"]
[SourceTitle "EXT 2024"]
[Source "ChessBase"]
[SourceDate "2023.10.10"]
[SourceVersion "1"]
[SourceVersionDate "2023.10.10"]
[SourceQuality "1"]

1. e4 c5 2. Nc3 a6 3. a4 e6 4. Bc4 Nc6 5. Nf3 Nf6 6. d4 cxd4 7. Nxd4 Qc7 8. 0-0 Nxd4 9. Qxd4 Bc5 10. Qd3 Ng4 11. Qg3 Qxg3 12. hxg3 b6 13. Be2 h5 14. Bxg4 hxg4 15. Be3 Bxe3 16. fxe3 g5 17. Rad1 Ke7 18. e5 Bb7 19. e4 Rac8 20. Rd4 1/2-1/2

[Event "Tres Cantos op 10th"]
[Site "Tres Cantos"]
[Date "2018.06.24"]
[Round "4.20"]
[White "Fernandez de la Hoz A, Carlos"]
[Black "Luque Ibanez, Manuel"]
[Result "0-1"]
[WhiteElo "1719"]
[BlackElo "1997"]
[PlyCount "69"]
[EventDate "2018.06.21"]
[EventType "swiss"]
[EventRounds "9"]
[EventCountry "ESP"]
[SourceTitle "EXT 2024"]
[Source "ChessBase"]
[SourceDate "2023.10.10"]
[SourceVersion "1"]
[SourceVersionDate "2023.10.10"]
[SourceQuality "1"]

1. d4 d5 2. Nf3 c5 3. e3 e6 4. c3 Nf6 5. Bd3 Nc6 6. Nbd2 Be7 7. 0-0 0-0 8. Re1 b6 9. e4 dxe4 10. Nxe4 cxd4 11. Nxf6+ Bxf6 12. Be4 Bb7 13. cxd4 Na5 14. Bxb7 Nxb7 15. Be3 Qd5 16. Qa4 Rfc8 17. Rac1 Na5 18. b4 Nc4 19. Qa6 b5 20. a4 Rcb8 21. axb5 Rb6 22. Qa4 Nxe3 23. Rc5 Qb7 24. fxe3 Be7 25. Rec1 Bxc5 26. Rxc5 a6 27. Qc2 axb5 28. h3 Rba6 29. e4 g6 30. Ne5 Ra2 31. Rc7 Rxc2 32. Rxb7 Raa2 33. Rxf7 Rxg2+ 34. Kh1 Rh2+ 35. Kg1 0-1

[Event "Tres Cantos op 10th"]
[Site "Tres Cantos"]
[Date "2018.06.22"]
[Round "2.23"]
[White "Alonso Garuti, Luis Eugenio"]
[Black "Luque Ibanez, Manuel"]
[Result "0-1"]
[WhiteElo "1811"]
[BlackElo "1997"]
[PlyCount "30"]
[EventDate "2018.06.21"]
[EventType "swiss"]
[EventRounds "9"]
[EventCountry "ESP"]
[SourceTitle "EXT 2024"]
[Source "ChessBase"]
[SourceDate "2023.10.10"]
[SourceVersion "1"]
[SourceVersionDate "2023.10.10"]
[SourceQuality "1"]

1. e4 c5 2. Nf3 Nc6 3. d4 cxd4 4. Nxd4 Nf6 5. Nc3 e5 6. Nf3 Bb4 7. Bc4 0-0 8. Bg5 h6 9. Bh4 Qa5 10. Qd3 d5 11. Bxd5 Nxd5 12. Qxd5 Bxc3+ 13. bxc3 Qxc3+ 14. Ke2 Be6 15. Qd2 Bc4+ 0-1

[Event "Madrid San Viator op-A 30th"]
[Site "Madrid"]
[Date "2018.05.13"]
[Round "5"]
[White "Luque Ibanez, Manuel"]
[Black "Esteban Posadilla, Raul"]
[Result "1-0"]
[WhiteElo "1997"]
[BlackElo "1605"]
[PlyCount "169"]
[EventDate "2018.04.08"]
[EventType "swiss"]
[EventRounds "9"]
[EventCountry "ESP"]
[SourceTitle "EXT 2019"]
[Source "ChessBase"]
[SourceDate "2018.10.10"]
[SourceVersion "1"]
[SourceVersionDate "2018.10.10"]
[SourceQuality "1"]

1. e4 c6 2. d4 d5 3. exd5 cxd5 4. c4 Nc6 5. Nf3 Bg4 6. cxd5 Qxd5 7. Nc3 Qa5 8. Qb3 Bxf3 9. gxf3 Qb4 10. Bb5 Qxb3 11. axb3 e6 12. 0-0 Nf6 13. Bg5 Nd7 14. d5 Nd4 15. Kg2 h6 16. Bf4 Nxb3 17. dxe6 fxe6 18. Rad1 0-0-0 19. Ne4 Ndc5 20. Rxd8+ Kxd8 21. Rd1+ Ke7 22. Be3 Nxe4 23. Rd7+ Kf6 24. fxe4 Nc5 25. Rd8 Nxe4 26. Bd3 Ke7 27. Ra8 Nd6 28. Bxa7 g5 29. Bd4 Rg8 30. Bh7 Rg7 31. Bxg7 Bxg7 32. b3 Bd4 33. Bd3 Kd7 34. Rg8 e5 35. f3 Be3 36. Rg6 h5 37. Rh6 h4 38. h3 Kc7 39. Rg6 Bf4 40. Kf1 b5 41. Ke2 b4 42. Rg7+ Kb6 43. Be4 Nb5 44. Kd3 Kc5 45. Rg8 Nd6 46. Rg6 Bc1 47. Rf6 Bf4 48. Re6 Bg3 49. Rg6 Bf4 50. Rg8 Bc1 51. Ra8 Bf4 52. Ra6 Nxe4 53. Kxe4 Kb5 54. Re6 Kc5 55. Rxe5+ Bxe5 56. Kxe5 Kc6 57. Kf5 Kd5 58. Kxg5 Kd4 59. f4 Kc3 60. f5 Kxb3 61. f6 Kc2 62. f7 b3 63. f8Q b2 64. Qc5+ Kd1 65. Qb4 Kc2 66. Qc4+ Kd2 67. Qb3 Kc1 68. Qc3+ Kb1 69. Kxh4 Ka2 70. Qc2 Ka1 71. Qa4+ Kb1 72. Kg5 Kc1 73. Qc4+ Kd1 74. Qb3+ Kc1 75. Qc3+ Kb1 76. h4 Ka2 77. Qc2 Ka1 78. Qa4+ Kb1 79. h5 Kc1 80. Qc4+ Kd2 81. Qb3 Kc1 82. Qc3+ Kb1 83. h6 Ka2 84. Qc2 Ka1 85. h7 1-0

[Event "Madrid San Viator op-A 30th"]
[Site "Madrid"]
[Date "2018.05.06"]
[Round "4"]
[White "Renteria Becerra, Jorge Elicer"]
[Black "Luque Ibanez, Manuel"]
[Result "1-0"]
[WhiteElo "2276"]
[BlackElo "1997"]
[PlyCount "89"]
[EventDate "2018.04.08"]
[EventType "swiss"]
[EventRounds "9"]
[EventCountry "ESP"]
[SourceTitle "EXT 2019"]
[Source "ChessBase"]
[SourceDate "2018.10.10"]
[SourceVersion "1"]
[SourceVersionDate "2018.10.10"]
[SourceQuality "1"]

1. e4 c5 2. Nf3 Nc6 3. d4 cxd4 4. Nxd4 Nf6 5. Nc3 e5 6. Ndb5 d6 7. Bg5 a6 8. Na3 b5 9. Bxf6 gxf6 10. Nd5 f5 11. g3 Bg7 12. Bg2 0-0 13. c3 fxe4 14. Bxe4 f5 15. Bg2 e4 16. 0-0 Ne5 17. f4 Nd3 18. Qe2 Be6 19. Rad1 Bxd5 20. Rxd3 exd3 21. Bxd5+ Kh8 22. Qxd3 Qb6+ 23. Kg2 Rae8 24. Nc2 b4 25. cxb4 Bxb2 26. a4 Rc8 27. Rf2 Bg7 28. a5 Qa7 29. Bc4 Rc6 30. Re2 Rfc8 31. Bd5 Rc3 32. Qxf5 Rf8 33. Qe4 Qc7 34. Ne1 Rb8 35. Nf3 Rf8 36. Ng5 Bf6 37. Ne6 Re8 38. Nxc7 Rxe4 39. Rxe4 Rxc7 40. b5 axb5 41. Re8+ Kg7 42. g4 Bd4 43. a6 Rf7 44. g5 Kg6 45. f5+ 1-0

[Event "Madrid San Viator op-A 29th"]
[Site "Madrid"]
[Date "2017.11.12"]
[Round "9"]
[White "Luque Ibanez, Manuel"]
[Black "Garcia Martin, Esteban"]
[Result "1/2-1/2"]
[WhiteElo "1987"]
[BlackElo "1854"]
[PlyCount "139"]
[EventDate "2017.09.17"]
[EventType "swiss"]
[EventRounds "9"]
[EventCountry "ESP"]
[SourceTitle "EXT 2019"]
[Source "ChessBase"]
[SourceDate "2018.10.10"]
[SourceVersion "1"]
[SourceVersionDate "2018.10.10"]
[SourceQuality "1"]

1. e4 c5 2. c3 d5 3. exd5 Qxd5 4. d4 Nc6 5. Nf3 e6 6. Be3 Nf6 7. dxc5 Qxd1+ 8. Kxd1 Ng4 9. b4 Nxe3+ 10. fxe3 a5 11. Bb5 Bd7 12. Nbd2 axb4 13. Bxc6 Bxc6 14. cxb4 Be7 15. Nb3 Bf6 16. Nbd4 Ra3 17. Kd2 Kd7 18. Rhc1 Rha8 19. b5 Rxa2+ 20. Rxa2 Rxa2+ 21. Rc2 Rxc2+ 22. Kxc2 Be4+ 23. Kb3 h5 24. Ne2 g5 25. Nc3 Bd3 26. Nd4 Be7 27. Na4 e5 28. Kc3 Bf1 29. c6+ bxc6 30. bxc6+ Kc7 31. Nf5 Bf8 32. Ng3 Bxg2 33. Nxh5 Bxc6 34. Nb2 Kd6 35. Ng3 Ke6 36. e4 Bc5 37. Kd3 Bb5+ 38. Nc4 g4 39. Kc3 Bd4+ 40. Kb4 Bxc4 41. Kxc4 Bg1 42. Nf1 f5 43. exf5+ Kxf5 44. Ng3+ Kg5 45. Nf1 Kf4 46. Kd5 e4 47. Ng3 Bxh2 48. Nxe4 Bg1 49. Nc3 Ba7 50. Ne4 Bb6 51. Nc3 Kf3 52. Ne4 Be3 53. Ke5 Bc1 54. Kd4 Bb2+ 55. Kd5 Bg7 56. Ng5+ Ke3 57. Ne4 Kf4 58. Nf2 g3 59. Nh3+ Kg4 60. Ng1 g2 61. Ke4 Kg3 62. Ke3 Bf8 63. Ne2+ Kh2 64. Kf3 Bc5 65. Kg4 Bf2 66. Kf3 Be1 67. Kg4 Ba5 68. Kf3 Bb6 69. Kg4 Bc5 70. Kf3 1/2-1/2

[Event "Madrid San Viator op-A 28th"]
[Site "Madrid"]
[Date "2017.06.04"]
[Round "9"]
[White "Sotoca Aguado, Jose"]
[Black "Luque Ibanez, Manuel"]
[Result "0-1"]
[WhiteElo "1860"]
[BlackElo "1994"]
[PlyCount "80"]
[EventDate "2017.03.26"]
[EventType "swiss"]
[EventRounds "9"]
[EventCountry "ESP"]
[SourceTitle "EXT 2018"]
[Source "ChessBase"]
[SourceDate "2017.10.13"]
[SourceVersion "1"]
[SourceVersionDate "2017.10.13"]
[SourceQuality "1"]

1. e4 c5 2. Nf3 Nc6 3. d4 cxd4 4. Nxd4 Nf6 5. Nc3 e5 6. Ndb5 d6 7. Bg5 a6 8. Na3 b5 9. Bxf6 gxf6 10. Nd5 f5 11. Bd3 Be6 12. c3 Bxd5 13. exd5 Ne7 14. Nxb5 Bg7 15. Na3 0-0 16. 0-0 e4 17. Bc2 Qc8 18. Qd2 Ng6 19. Rad1 Bh8 20. Kh1 Rb8 21. Bb3 a5 22. f3 Qc5 23. Rde1 Rbe8 24. Nc2 e3 25. Rxe3 a4 26. Bxa4 Qc4 27. Rfe1 Qxa4 28. Rxe8 Rxe8 29. Rxe8+ Qxe8 30. Qe3 Qb5 31. Nd4 Qxb2 32. a4 Be5 33. Ne2 Qa1+ 34. Qg1 Qxa4 35. g3 Qc2 36. Qe3 Qd1+ 37. Kg2 Qxd5 38. Kh3 Qd1 39. Kg2 f4 40. gxf4 Qxe2+ 0-1

[Event "Madrid San Viator op-A 27th"]
[Site "Madrid"]
[Date "2016.11.20"]
[Round "9"]
[White "Luque Ibanez, Manuel"]
[Black "Rodriguez Romero, Martin"]
[Result "1-0"]
[WhiteElo "1989"]
[BlackElo "1666"]
[PlyCount "45"]
[EventDate "2016.09.25"]
[EventType "swiss"]
[EventRounds "9"]
[EventCountry "ESP"]
[SourceTitle "EXT 2019"]
[Source "ChessBase"]
[SourceDate "2018.10.10"]
[SourceVersion "1"]
[SourceVersionDate "2018.10.10"]
[SourceQuality "1"]

1. e4 c5 2. c3 Nf6 3. e5 Nd5 4. d4 cxd4 5. Nf3 e6 6. cxd4 b6 7. Bc4 Bb7 8. 0-0 Qc7 9. Qe2 d6 10. Nc3 Nxc3 11. bxc3 Nd7 12. d5 Rc8 13. Bb3 Nxe5 14. Nxe5 dxe5 15. Ba4+ Kd8 16. dxe6 fxe6 17. Rd1+ Bd5 18. Qb5 Be7 19. c4 a6 20. Qxa6 Qxc4 21. Qxb6+ Qc7 22. Qxe6 Qxc1 23. Qd7# 1-0

[Event "Madrid San Viator op-A 27th"]
[Site "Madrid"]
[Date "2016.11.13"]
[Round "8"]
[White "Luque Ibanez, Manuel"]
[Black "Martinez Sanz, Ignacio"]
[Result "0-1"]
[WhiteElo "1989"]
[BlackElo "1705"]
[PlyCount "110"]
[EventDate "2016.09.25"]
[EventType "swiss"]
[EventRounds "9"]
[EventCountry "ESP"]
[SourceTitle "EXT 2019"]
[Source "ChessBase"]
[SourceDate "2018.10.10"]
[SourceVersion "1"]
[SourceVersionDate "2018.10.10"]
[SourceQuality "1"]

1. e4 c6 2. d4 d5 3. exd5 cxd5 4. c4 Nf6 5. Nc3 e6 6. Nf3 Be7 7. c5 b6 8. b4 Bd7 9. Bf4 Nh5 10. Bg3 0-0 11. Bd3 Re8 12. Ne5 g6 13. Qf3 Rf8 14. Rc1 bxc5 15. bxc5 Nc6 16. Nxd7 Qxd7 17. Bb5 Qb7 18. Qd3 Bf6 19. Bd6 Rfc8 20. Ba6 Nb4 21. Bxb7 Nxd3+ 22. Kd2 Nxc1 23. Rxc1 Bxd4 24. Nb5 Bxf2 25. c6 Bb6 26. c7 Bxc7 27. Nxc7 Nf6 28. Bxc8 Rxc8 29. Ba3 Ne4+ 30. Ke3 Rb8 31. Na6 Rb6 32. Rc8+ Kg7 33. Bf8+ Kf6 34. Nc5 Nxc5 35. Bxc5 Ra6 36. a3 e5 37. Rc7 Ra5 38. Bb4 Ra6 39. Bc5 Ra5 40. Rc6+ Kf5 41. Bb4 d4+ 42. Kd3 Rd5 43. Ra6 e4+ 44. Kd2 Kf4 45. Rxa7 f5 46. Rxh7 g5 47. Rh6 Ke5 48. Rg6 d3 49. g3 Kd4 50. Rd6 e3+ 51. Kd1 f4 52. gxf4 gxf4 53. Rxd5+ Kxd5 54. Bd2 Ke4 55. a4 f3 0-1

[Event "Madrid San Viator op-A 27th"]
[Site "Madrid"]
[Date "2016.10.02"]
[Round "2"]
[White "Luque Ibanez, Manuel"]
[Black "Munoz Cebey, Ricardo"]
[Result "1-0"]
[WhiteElo "1989"]
[BlackElo "1758"]
[PlyCount "131"]
[EventDate "2016.09.25"]
[EventType "swiss"]
[EventRounds "9"]
[EventCountry "ESP"]
[SourceTitle "EXT 2017"]
[Source "ChessBase"]
[SourceDate "2016.10.25"]
[SourceVersion "1"]
[SourceVersionDate "2016.10.25"]
[SourceQuality "1"]

1. e4 c5 2. Nf3 g6 3. d4 cxd4 4. Nxd4 Nc6 5. c4 Nf6 6. Nc3 d6 7. Be2 Nxd4 8. Qxd4 Bg7 9. Bg5 0-0 10. Qd2 Be6 11. 0-0 Qa5 12. Nd5 Qxd2 13. Nxe7+ Kh8 14. Bxd2 Nxe4 15. Be3 b6 16. Rab1 Rfe8 17. Nd5 Bxd5 18. cxd5 Rac8 19. Bb5 Red8 20. Rfe1 Kg8 21. a4 Nf6 22. Bc6 Nd7 23. b4 Ne5 24. b5 Nd3 25. Re2 Nc5 26. Ra2 Rc7 27. a5 Be5 28. axb6 axb6 29. g3 Kg7 30. Kg2 Bc3 31. Ra6 Nxa6 32. bxa6 Ba5 33. Bxb6 Bxb6 34. Rxb6 Ra7 35. Bb7 Kf6 36. Rc6 Rd7 37. Rb6 Rd8 38. f4 Ke7 39. Rb4 Rb8 40. Rb5 Kd8 41. Kf3 Ke7 42. g4 f5 43. gxf5 gxf5 44. Rb2 Kf6 45. Re2 Rbxb7 46. axb7 Rxb7 47. Re6+ Kf7 48. Rxd6 Re7 49. Rh6 Kg7 50. Rc6 Rd7 51. d6 Kf6 52. Ke3 Ke6 53. Kd3 Kd5 54. Ra6 Kc5 55. Ra5+ Kxd6 56. Rxf5 Ke6+ 57. Ke4 Rd4+ 58. Kxd4 Kxf5 59. Ke3 h6 60. Kf3 h5 61. h3 h4 62. Ke3 Kf6 63. Ke4 Ke6 64. f5+ Kf6 65. Kf4 Kf7 66. Kg5 1-0

[Event "Madrid San Viator op-A 26th"]
[Site "Madrid"]
[Date "2016.06.05"]
[Round "9"]
[White "Martinez Reyes, Pedro Ramon"]
[Black "Luque Ibanez, Manuel"]
[Result "1-0"]
[WhiteElo "2304"]
[BlackElo "1961"]
[PlyCount "65"]
[EventDate "2016.04.03"]
[EventType "swiss"]
[EventRounds "9"]
[EventCountry "ESP"]
[SourceTitle "EXT 2017"]
[Source "ChessBase"]
[SourceDate "2016.10.25"]
[SourceVersion "1"]
[SourceVersionDate "2016.10.25"]
[SourceQuality "1"]

1. e4 c5 2. Nf3 Nc6 3. d4 cxd4 4. Nxd4 Nf6 5. Nc3 e5 6. Ndb5 d6 7. Bg5 a6 8. Na3 b5 9. Nd5 Be7 10. Bxf6 Bxf6 11. c4 Bg5 12. cxb5 Qa5+ 13. Nc3 Nd4 14. Nc4 Qb4 15. a3 Qb3 16. Nxd6+ Ke7 17. Qxb3 Nxb3 18. Rd1 Nd4 19. Nxc8+ Raxc8 20. f4 Bxf4 21. bxa6 Rhd8 22. Bd3 Kf8 23. 0-0 Nb3 24. Nd5 Bc1 25. Rf2 Nc5 26. Rxc1 Nxd3 27. Rxc8 Rxc8 28. Rf3 Rc1+ 29. Rf1 Rc6 30. Rd1 Nf4 31. a7 Ra6 32. Nxf4 exf4 33. Rd8+ 1-0

[Event "Madrid San Viator op-A 26th"]
[Site "Madrid"]
[Date "2016.04.10"]
[Round "2"]
[White "Suarez Uriel, Adrian"]
[Black "Luque Ibanez, Manuel"]
[Result "1-0"]
[WhiteElo "2294"]
[BlackElo "1961"]
[PlyCount "78"]
[EventDate "2016.04.03"]
[EventType "swiss"]
[EventRounds "9"]
[EventCountry "ESP"]
[SourceTitle "EXT 2017"]
[Source "ChessBase"]
[SourceDate "2016.10.25"]
[SourceVersion "1"]
[SourceVersionDate "2016.10.25"]
[SourceQuality "1"]

1. e4 c5 2. Nf3 d6 3. d4 cxd4 4. Nxd4 Nf6 5. Nc3 a6 6. h3 e5 7. Nde2 Be7 8. g4 h6 9. Bg2 b5 10. 0-0 Bb7 11. a3 Nbd7 12. Ng3 g6 13. Qe2 Rc8 14. Be3 Rc4 15. a4 Qc8 16. axb5 axb5 17. Nxb5 Rxc2 18. Qd3 0-0 19. Bxh6 Re8 20. b4 Qc4 21. Rfd1 d5 22. exd5 Bxb4 23. Qxc4 Rxc4 24. Ra7 Rb8 25. Be3 Rc2 26. Ra4 Bc5 27. Bxc5 Rxc5 28. Nd6 Bxd5 29. g5 Bb3 30. Raa1 Bxd1 31. Rxd1 Nh7 32. Nxf7 Nb6 33. Nh6+ Kg7 34. h4 Nf8 35. Rd6 Rd5 36. Rc6 Rd4 37. Rc7+ Rd7 38. Rc6 Ne6 39. Rc1 Rd5 1-0

[Event "Madrid San Viator op-A 26th"]
[Site "Madrid"]
[Date "2016.04.03"]
[Round "1"]
[White "Luque Ibanez, Manuel"]
[Black "Martin Diaz, Juan"]
[Result "1-0"]
[WhiteElo "1961"]
[BlackElo "1678"]
[PlyCount "73"]
[EventDate "2016.04.03"]
[EventType "swiss"]
[EventRounds "9"]
[EventCountry "ESP"]
[SourceTitle "EXT 2017"]
[Source "ChessBase"]
[SourceDate "2016.10.25"]
[SourceVersion "1"]
[SourceVersionDate "2016.10.25"]
[SourceQuality "1"]

1. e4 c5 2. Nf3 d6 3. d4 cxd4 4. Nxd4 Nf6 5. Nc3 Nc6 6. Be2 e5 7. Nb3 Be7 8. Bg5 Nxe4 9. Nxe4 Bxg5 10. Qxd6 Be7 11. Qxd8+ Nxd8 12. 0-0-0 0-0 13. Nd6 Be6 14. Nc5 b6 15. Bf3 Rb8 16. Na6 Bxd6 17. Rxd6 Rc8 18. b3 Bf5 19. c4 Ne6 20. Re1 Nc5 21. Nxc5 Rxc5 22. Bd5 Re8 23. Rxe5 Be6 24. Kd2 Kf8 25. b4 Rc7 26. Bxe6 Rxe6 27. Rdxe6 fxe6 28. Kc3 Ke7 29. f4 Rd7 30. f5 Kf6 31. fxe6 Re7 32. Kd4 Rxe6 33. Rxe6+ Kxe6 34. c5 h5 35. a4 g5 36. cxb6 axb6 37. a5 1-0